Harry Potter QCM - Statistiques

Statistiques générales
  • Ce quiz a été pris 134 fois
  • Le résultat moyen est 11 sur 15
Statistiques - réponses
Question Réponse % Correct
Par quelle moyen Harry et Arthur vont au ministère dans le 5? Cabine téléphonique
100%
Les enfants de Harry: James, Albus, Lily
100%
Premier préfet rencontrer a Gryffondor? Percy Weasley
96%
Où se trouve la chambre des secrets ? Toilette des filles du deuxième étage
96%
De quelle couleurs est la fumée du Rappeltout quand tu oublie? Rouge
92%
Compléter la phrase: On peut trouver de la lumière même dans les moments les plus sombre... Il faut se rappeler d'allumer la lumière
88%
La professeur d'astronomie (dans les livres): Sinistra
88%
Qui est le remplaçant de Hagrid dans le Harry Potter ? Gobeplanche
79%
Comment s'appellent les 3 frères qui rencontrent la Mort? (Nom de famille) Peverel
79%
Quelle est la couleur du gâteau offert par Hagrid dans le 1 pour Harry ? Rose
79%
Combien d'Horcruxes a Voldemort ? 7
75%
Le nom complet de Dumbeldore: Albus Perceval Walfric Bryan Dumbeldore
71%
Que trouve Dumbeldore dans la Salle sur Demande? Pot de chambres
46%
Quelle était la maison de Hagrid? Poufsoufle
8%
Qui gagne la coupe de Quidditch lors de la 1ere année de Harry? Serdaigle
4%
Aucun quiz correspondant
Distribution des résultats
% des personnes avec chaque résultat
Percentile par nombre de réponses
Votre historique - résultats
Vous n’avez pas pris ce quiz